Sendikal haklarda uluslararası hukuka ve Avrupa birliğine uyum sorunu (Record no. 6974)

MARC details
000 -BAŞLIK
Sabit Uzunlukta Kontrol Alanı 01184na a2200349 4500
001 - KONTROL NUMARASI
Denetim Alanı 16219
003 - KONTROL NUMARASI IDENTIFIER
Denetim Alanı MIRAKIL
005 - SON İŞLEM TARİHİ VE ZAMANI
Denetim Alanı 20181213155125.0
008 - SABİT-BOY VERİ ELEMANLARI - GENEL BİLGİLER
Sabit Uzunlukta Kontrol Alanı 161004b tu 000 0
020 ## - ULUSLARARASI STANDART KİTAP NUMARASI
Uluslararası Standart Kitap Numarası 9756024003
035 ## - SİSTEM KONTROL NUMARASI
Sistem Kontrol Numarası 16219
040 ## - KATALOGLAMA KAYNAK
Orijinal Kataloglama Ajansı Milas
Kataloglama Dili tur
Metne Dönüştürmek Ajansı TR-AnCHP
041 ## - DİL KODU
Metin / Ses Parça Veya Ayrı Başlığın Dil Kodu tur
082 ## - DEWEY ONLU SINIFLANDIRMA NUMARASI
Sınıflandırma Numarası 341.2422
Ürün Numarası G94s 2006
090 ## - SINIFLAMA NUMARASI
Sınıflama Numarası 341.2422 G94s 2006
100 ## - ANA GİRİŞ - KİŞİSEL İSİM
Kişisel Ad Gülmez, Mesut
245 ## - BAŞLIK TABLOSU
Başlık Sendikal haklarda uluslararası hukuka ve Avrupa birliğine uyum sorunu
Sorumluluk Tablosu, Vb Veli Sevin
246 ## - UNVAN FORM VARYING
Başlık Doğru / Kısa Başlığı Avrupa birliğine uyum sorunu
246 ## - UNVAN FORM VARYING
Başlık Doğru / Kısa Başlığı Sendikal haklarda uluslararası hukuka uyum sorunu
250 ## - EDITION TABLOSU
Baskı Beyanı 2. bs.
260 ## - YAYIN, DAĞITIM, VB
Yayın, Dağıtım, Vb Yeri Ankara
Yayıncı, Dağıtıcı, Vs Adı Belediye-İş Yayınları
Yayın, Dağıtım, Vb Tarihi 2006
300 ## - FİZİKSEL TANIM
Kapsam xxiii, 342 s.
Boyutlar 24 sm.
440 ## - SERİSİ TABLOSU / KATMA GİRİŞİ - BAŞLIK
Başlık Belediye-Iş Yayınları
Bir İşin Parçası / Bölümün İsmi AB'ye sosyal uyum dizisi
504 ## - KAYNAKÇA VB NOT
Kaynakça Vb Notu Kaynakça (ss. 329-342) var
650 ## - KONU KATMA GİRİŞ - TOPİKAL DÖNEM
Topikal Süreli Veya Coğrafi Ad Giriş Elemanı Sendikal haklar
Genel Alt Bölümü AB uyum süreci
Coğrafi Alt Bölümü Türkiye
650 ## - KONU KATMA GİRİŞ - TOPİKAL DÖNEM
Topikal Süreli Veya Coğrafi Ad Giriş Elemanı Sendikalar hukuku
Coğrafi Alt Bölümü Türkiye
650 ## - KONU KATMA GİRİŞ - TOPİKAL DÖNEM
Topikal Süreli Veya Coğrafi Ad Giriş Elemanı İşçi sendikaları
Coğrafi Alt Bölümü Avrupa Birliği ülkeleri
650 ## - KONU KATMA GİRİŞ - TOPİKAL DÖNEM
Topikal Süreli Veya Coğrafi Ad Giriş Elemanı İşçi sendikaları
Genel Alt Bölümü Hukuksal durum, yasalar vb.
Kronolojik Alt Bölümü Türkiye
650 ## - KONU KATMA GİRİŞ - TOPİKAL DÖNEM
Topikal Süreli Veya Coğrafi Ad Giriş Elemanı Uluslararası hukuk
Coğrafi Alt Bölümü Türkiye
942 ## - EKLENDİ GİRİŞ ELEMANLARI (KOHA)
Sınıflandırma Veya Raf Düzeni Kaynak
Koha Öğesi Türü Books
999 ## - SİSTEM KONTROL NUMARALARI (KOHA)
Koha Biblionumber 6974
Koha Biblioitemnumber 6974
657 ## - INDEX SÜRE - İŞLEVİ
-- Uluslararası sendikalar hukuku
Holdings
Kalıcı Konum Mevcut Konum Edinme Tarihi Edinim Kaynak Toplam Check-Out'Lar Tam Çağrı Numarası Barkod Tarih Son Görülme İtibaren Geçerli Fiyatlar Koha Öğesi Türü
CHP Kütüphanesi CHP Kütüphanesi 09/30/2016 Bağış   341.2422 G94s 2006 004706 09/30/2016 09/30/2016 Books